| 000 | 01208namaa2200301 i 4500 | ||
|---|---|---|---|
| 003 | EG-GICUC | ||
| 005 | 20260408125404.0 | ||
| 008 | 260408s1990 le ||||| |||| 00| 0 eng d | ||
| 040 |
_aEG-GiCUC _bara _cEG-GiCUC _dEG-GiCUC _erda |
||
| 082 | 0 | 4 |
_221 _a243 _bT962 |
| 092 | 0 | 4 |
_221 _a243 _bT962 |
| 099 | _a243 T962 | ||
| 100 | 1 |
_aالطرطوشى، محمد ابن الوليد، _d1059 or 1060-1126 or 1127 _eمؤلف. |
|
| 245 | 1 | 0 |
_aكتاب الحوادث والبدع / _cتأليف ابو بكر الطرطوشى ؛ حققه علي اربع نسخ وقدم له ووضع فهارسه عبد المجيدزكى |
| 250 | _aالطبعة الاولى | ||
| 264 |
_aالقاهرة (مصر) : _bدار الغرب الاسلامى، _c1990 |
||
| 300 |
_a495 صفحة ؛ _c24 سم |
||
| 336 |
_2rdacontent _atext |
||
| 337 |
_2rdamedia _aUnmediated |
||
| 338 |
_2rdacarrier _avolume |
||
| 504 | _a. 490-478 ببليوجرافيا: صفحات. | ||
| 541 |
_aد. / جابر عصفور ؛ _bالقاهرة ؛ _cإهداء ؛ _d2024. |
||
| 650 | 1 | 7 |
_aالبدع فى الاسلام _2qrmak |
| 651 | 1 | _2qrmak | |
| 700 | 1 |
_aزكى، عبد المجيد، _eمحقق. |
|
| 905 | _aAmira | ||
| 942 |
_2ddc _cBK _e21 _n0 |
||
| 999 |
_c179307 _d179307 |
||